| 000 | 00590 a2200193 4500 | ||
|---|---|---|---|
| 005 | 20250206075702.0 | ||
| 020 | _a9781013942952 | ||
| 050 | 0 | 0 |
_aKF 801 _bBEN 1889 |
| 100 | 1 |
_aBenjamin, Reuben M. _d1833-1917. |
|
| 245 | 0 | 4 |
_aThe general principles of the law of contract in the form of rules / _cby Reuben M. Benjamin ... |
| 264 |
_aNew York : _bBanks and Bros, _c1889 |
||
| 300 | _a168 pages | ||
| 336 |
_2rdacontent _atext _btxt |
||
| 337 |
_2rdamedia _aunmediated _bn |
||
| 338 |
_2rdacarrier _avolume _bnc |
||
| 650 | 0 | _aContracts law | |
| 650 | 0 | _arules | |
| 942 |
_2lcc _cBK _h801 _iBEN _kKF |
||
| 999 |
_c11467 _d11467 |
||